|
|
|
|
| LEADER |
00000nam0a2200000 4500 |
| 001 |
209684 |
| 005 |
20231101225547.0 |
| 010 |
|
|
|a 9785459010978
|
| 035 |
|
|
|a (RuTPU)RU\TPU\book\229024
|
| 090 |
|
|
|a 209684
|
| 100 |
|
|
|a 20120215d2013 km y0rusy50 ca
|
| 101 |
0 |
|
|a rus
|
| 102 |
|
|
|a RU
|
| 105 |
|
|
|a y z 000zy
|
| 200 |
1 |
|
|a Копирайтинг: как не съесть собаку. Создаем тексты, которые продают
|f Д. Кот
|
| 210 |
|
|
|a СПб.
|c Питер
|d 2013
|
| 215 |
|
|
|a 252 с.
|
| 225 |
1 |
|
|a Маркетинг для профессионалов
|
| 330 |
|
|
|a Эта книга — набор методик, приемов и секретов по написанию продающих текстов (текстов для сайтов, полиграфии, коммерческих предложений и других рекламных целей). Каждая глава содержит совет или прием, готовый к использованию, — например, как написать эффективный заголовок для текста. Читатель открывает книгу на нужной странице, выбирает необходимый ему совет или секрет и внедряет его. Весь материал издания построен на успешном личном опыте автора и его клиентов. Здесь нет теории, нет сложных систем и заумных формул — только практика, состоящая из отборных приемов по написанию рекламных текстов. Настоятельно рекомендуется копирайтерам, неймерам, маркетологам, специалистам в области рекламы и PR, владельцам малого и среднего бизнеса.
|
| 606 |
1 |
|
|a Реклама
|2 stltpush
|3 (RuTPU)RU\TPU\subj\24860
|9 49135
|
| 610 |
1 |
|
|a рекламные тексты
|
| 610 |
1 |
|
|a рекламные тексты
|
| 610 |
1 |
|
|a продажи
|
| 610 |
1 |
|
|a копирайтеры
|
| 610 |
1 |
|
|a методика
|
| 610 |
1 |
|
|a написание
|
| 675 |
|
|
|a 659
|v 3
|
| 700 |
|
1 |
|a Кот
|b Д.
|g Дмитрий
|
| 801 |
|
1 |
|a RU
|b 63413507
|c 20120215
|
| 801 |
|
2 |
|a RU
|b 63413507
|c 20150629
|g RCR
|
| 942 |
|
|
|c BK
|
| 959 |
|
|
|a 29/20120215
|d 2
|e 180,00
|f ЧЗГЛ:1
|f АНЛ:1
|
| 959 |
|
|
|a 102/20120705
|d 2
|e 108,00
|f ЧЗГЛ:1
|f АНЛ:1
|